[Event "Challenge"]
[Site "http://www.queenalice.com/game.php?id=1804584"]
[Date "2023.1.22"]
[Round "-"]
[White "denaultj"]
[Black "ron_h_roy2003"]
[Result "1-0"]
[WhiteElo "1801"]
[BlackElo "1594"]

1. e4 e5 2. c3 d6 3. d4 d5 4. dxe5 dxe4 5. Qxd8+ Kxd8 6. b4 h6 7. a4 Be7 8. Ne2
Nc6 9. Bf4 Be6 10. Nd4 Nf6 11. Nxe6+ fxe6 12. exf6 Bxf6 13. Bc4 Ke7 14. O-O h5
15. Bxc7 Bxc3 16. Nxc3 Nd4 17. Be5 Nf5 18. Nxe4 h4 19. h3 Rh5 20. Bf4 Rf8 21.
Ng5 g6 22. Nxe6 Rc8 23. Rac1 a6 24. Rfe1 Kd7 25. Nc5+ Kc6 26. Re6+ Nd6 27. Rxd6+
Kc7 28. Rxa6+ Kd8 29. Rxg6 Ke7 30. Bd6+ Kd8 31. Rg8# 1-0

[Event "Challenge"]
[Site "http://www.queenalice.com/game.php?id=1807275"]
[Date "2023.3.5"]
[Round "-"]
[White "denaultj"]
[Black "Mikalus"]
[Result "0-1"]
[WhiteElo "1803"]
[BlackElo "1884"]

1. e4 c5 2. c4 Nc6 3. a3 e6 4. Nf3 Nf6 5. d3 Nd4 6. Nxd4 cxd4 7. Qf3 e5 8. b4 d6
9. a4 Bg4 10. Qg3 Bh5 11. h3 Be7 12. Qxg7 Rg8 13. Qh6 Qd7 14. Qd2 O-O-O 15. b5
Kb8 16. Be2 Rxg2 17. Bxh5 Nxh5 18. Qh6 Nf4 19. Bxf4 exf4 20. Qxf4 Rdg8 21. Rf1
Bg5 22. Qf3 Bh6 23. Nd2 Bxd2+ 24. Kxd2 Qc7 25. Qf6 Qa5+ 26. Ke2 Qc3 27. Qxd6+
Ka8 28. Rad1 Qc2+ 29. Rd2 Qc3 30. Qf4 R8g7 31. Qd6 Rg8 32. Qd5 R2g7 33. Rdd1
Qb2+ 34. Kf3 Rf8 35. e5 Rg5 36. Kf4 h6 37. Qd6 Re8 38. Rfe1 Qxf2+ 39. Ke4 f5+
40. Kd5 Rgg8 41. Kc5 Rc8+ 42. Kb4 Qb2+ 43. Ka5 Qc3+ 44. Qb4 b6+ 0-1

[Event "Challenge"]
[Site "http://www.queenalice.com/game.php?id=1808131"]
[Date "2023.3.18"]
[Round "-"]
[White "ron_h_roy2003"]
[Black "denaultj"]
[Result "0-1"]
[WhiteElo "1579"]
[BlackElo "1776"]

1. d4 d5 2. e3 Nf6 3. Nf3 Nc6 4. a3 e6 5. Nc3 h6 6. g3 Bd6 7. Bg2 O-O 8. O-O a6
9. b4 b5 10. Bb2 Bb7 11. Qd2 Ne7 12. a4 bxa4 13. Nxa4 Nc6 14. Nh4 Nxb4 15. Nc3
c6 16. Ba3 a5 17. e4 dxe4 18. Nxe4 c5 19. Nxd6 Bxg2 20. Kxg2 Qxd6 21. dxc5 Qxd2
22. Nf3 Qxc2 23. Rfc1 Qe2 24. Re1 Qb5 25. h4 h5 26. Bb2 Nd3 27. Nd4 Qxb2 0-1

[Event "Challenge"]
[Site "http://www.queenalice.com/game.php?id=1809494"]
[Date "2023.4.7"]
[Round "-"]
[White "cdare"]
[Black "denaultj"]
[Result "1-0"]
[WhiteElo "1820"]
[BlackElo "1749"]

1. e4 e5 2. Nf3 Nc6 3. Nc3 a6 4. Bc4 h6 5. a3 b5 6. Bd5 Nge7 7. d3 d6 8. h3 Nxd5
9. Nxd5 Be7 10. Nxe7 Nxe7 11. Be3 O-O 12. O-O c5 13. b3 Nc6 14. Nh2 Be6 15. f4
exf4 16. Bxf4 Nd4 17. Nf3 Qb6 18. Nxd4 cxd4 19. Qh5 Rad8 20. Rf3 Qc5 21. Qxc5
dxc5 22. Rg3 Kh7 23. Bc7 Rd7 24. Bb6 Rc8 25. Rf1 a5 26. Bxa5 Ra7 27. b4 Rc6 28.
Rgf3 c4 29. g4 c3 30. R1f2 Kg8 31. Rf4 Bc8 32. Kg2 g5 33. Rf6 Be6 34. Rxh6 Kg7
35. Rhf6 Raa6 36. Kg3 Rc8 37. R6f3 Rh8 38. e5 Rf8 39. Re2 Bd5 40. Rf5 f6 41.
exf6+ Raxf6 42. Rxd5 Rf3+ 43. Kg2 Re3 44. Rxg5+ Kh6 45. Re5 Rff3 46. R2xe3 Rxe3
47. Rxe3 dxe3 48. h4 Kg6 49. Kf3 1-0

[Event "Challenge"]
[Site "http://www.queenalice.com/game.php?id=1810595"]
[Date "2023.4.23"]
[Round "-"]
[White "ron_h_roy2003"]
[Black "denaultj"]
[Result "0-1"]
[WhiteElo "1568"]
[BlackElo "1767"]

1. d4 d5 2. e3 Nf6 3. h3 a6 4. Nc3 b5 5. a3 e6 6. b4 Bb7 7. Bd3 Bd6 8. Nf3 h6 9.
O-O O-O 10. e4 Nh5 11. e5 Be7 12. Nh2 Nf6 13. a4 Ne4 14. Ra3 Nxc3 15. Rxc3 bxa4
16. Nf3 Bxb4 17. Bh7+ Kxh7 18. Re3 a5 19. c3 Be7 20. Qxa4 Nd7 21. Qc2+ Kg8 22.
Qb3 Ba6 23. Rfe1 c5 24. Qa4 c4 25. Bb2 Nb6 26. Qc2 Bb5 27. h4 a4 28. g4 f6 29.
exf6 Rxf6 30. Ne5 Rf4 31. h5 Bh4 32. R1e2 Qg5 33. f3 Be8 34. Bc1 Qf6 35. Rg2 Nd7
36. Qe2 Nxe5 37. dxe5 Qe7 38. Qc2 Bg5 39. Ree2 Rxf3 40. Kh2 a3 41. Qa2 Rxc3 42.
Rg3 Rxg3 43. Bxg5 Qxg5 44. Kxg3 Bxh5 45. Rg2 Qxg4+ 46. Kh2 Qf4+ 47. Rg3 Qxe5 48.
Kh3 Ra4 49. Kh4 c3+ 50. Kh3 Qe1 51. Qb3 Qh1# 0-1

[Event "Challenge"]
[Site "http://www.queenalice.com/game.php?id=1810905"]
[Date "2023.4.30"]
[Round "-"]
[White "Mikalus"]
[Black "denaultj"]
[Result "1-0"]
[WhiteElo "1855"]
[BlackElo "1784"]

1. e4 e5 2. Nf3 d6 3. Nc3 h6 4. d4 d5 5. exd5 e4 6. Ne5 Nf6 7. Bb5+ Bd7 8. Qe2
a6 9. Bxd7+ Nbxd7 10. Nxd7 Qxd7 11. Bf4 Be7 12. O-O-O O-O-O 13. Nxe4 Qxd5 14.
Nxf6 Bxf6 15. Qg4+ Rd7 16. Be5 Qxa2 17. c3 Rd8 18. Bxf6 gxf6 19. Rhe1 Qa4 20.
Re2 Kb8 21. Red2 Rd5 22. Rc2 Rg5 23. Qe4 Re5 24. Qf3 Red5 25. Qxf6 Qc6 26. Qxf7
R5d7 27. Qf3 Qc4 28. g3 Rf7 29. Qh5 Qe6 30. f4 Rf5 31. Qf3 Ra5 32. Re2 Qb3 33.
Rc2 c6 34. f5 Ka7 35. g4 Qf7 36. h3 Qf6 37. Qd3 Ra1+ 38. Kd2 Qg5+ 39. Ke2 Re8+
40. Kf3 Ra2 41. Re2 Re7 42. Rxe7 Qxe7 43. Rd2 Qh4 44. Rh2 b5 45. d5 c5 46. d6
Kb8 47. d7 Kc7 48. d8=Q+ Qxd8 49. Qxd8+ Kxd8 50. Ke3 Ke7 51. h4 Kf6 52. Rf2 Ra4
53. Rg2 b4 54. Kd3 Ke5 55. Re2+ Kd5 56. c4+ Kd6 57. Re6+ Kd7 58. Rxh6 Ra2 59.
Kc2 Ra1 60. g5 Ke7 61. Rh7+ Kf8 62. f6 Rg1 63. b3 Rg2+ 64. Kc1 a5 65. Ra7 Rh2
66. Rxa5 Rxh4 67. Rxc5 Kf7 68. Rb5 1-0

[Event "Challenge"]
[Site "http://www.queenalice.com/game.php?id=1812440"]
[Date "2023.5.23"]
[Round "-"]
[White "denaultj"]
[Black "cdare"]
[Result "0-1"]
[WhiteElo "1688"]
[BlackElo "1849"]

1. e4 e5 2. Nf3 Nc6 3. a3 Bc5 4. c3 Nf6 5. h3 a6 6. b4 Ba7 7. Bc4 d6 8. Ng5 O-O
9. Qb3 Qe7 10. O-O h6 11. Nf3 b5 12. Be2 Nxe4 13. d3 Nxf2 14. Rxf2 Be6 15. Qc2
Bxf2+ 16. Kxf2 Qf6 17. Nd2 Ne7 18. Ne4 Qg6 19. d4 f6 20. a4 d5 21. Bd3 c6 22.
Nc5 Bf5 23. Nh4 Bxd3 24. Qxd3 Qh5 25. g3 e4 26. Qe3 Kh7 27. Ne6 Rf7 28. Qf4 Rc8
29. Be3 g5 30. Qg4 Qxg4 31. hxg4 gxh4 32. gxh4 Ng6 33. Kg3 Re7 34. Nc5 Ra8 35.
h5 Nf8 36. a5 Ne6 37. Kh4 Nxc5 38. dxc5 Rf8 39. Rf1 Ref7 40. Rf5 Re8 41. Bd4 Re6
42. Kg3 e3 43. Rf1 e2 44. Re1 f5 45. g5 hxg5 46. Kf3 Kh6 47. Rxe2 Rxe2 48. Kxe2
Kxh5 49. Kf3 Kh4 50. Bf2+ Kh3 51. Ke3 f4+ 52. Kf3 g4+ 53. Ke2 f3+ 0-1

[Event "Challenge"]
[Site "http://www.queenalice.com/game.php?id=1812453"]
[Date "2023.5.24"]
[Round "-"]
[White "ron_h_roy2003"]
[Black "denaultj"]
[Result "0-1"]
[WhiteElo "1577"]
[BlackElo "1758"]

1. e4 e5 2. d3 Nf6 3. Nf3 d6 4. h3 h6 5. Nc3 a6 6. b3 b5 7. a4 c6 8. d4 Nbd7 9.
axb5 cxb5 10. Bxb5 Bb7 11. Ba4 Be7 12. O-O O-O 13. b4 Nxe4 14. Nxe4 Bxe4 15. Bb3
Nb6 16. dxe5 d5 17. Nd4 Nc4 18. f3 Bg6 19. f4 Bxb4 20. e6 f6 21. Re1 Qd6 22. f5
Be8 23. Rf1 Qg3 24. Bf4 Qh4 25. Ne2 Bc6 26. Bxc4 dxc4 27. c3 Bc5+ 28. Kh2 a5 29.
Bg3 Qe4 30. Nf4 Qxf5 31. Qe2 Rae8 32. Rxa5 Bg1+ 33. Kxg1 Qxa5 34. Ng6 Qc5+ 35.
Bf2 Qd5 36. Bd4 Rxe6 37. Qc2 Rfe8 38. Qb1 Qxg2# 0-1

[Event "Challenge"]
[Site "http://www.queenalice.com/game.php?id=1817135"]
[Date "2023.7.25"]
[Round "-"]
[White "denaultj"]
[Black "Mikalus"]
[Result "0-1"]
[WhiteElo "1771"]
[BlackElo "1848"]

1. e4 c5 2. d4 cxd4 3. Qxd4 Nc6 4. Qa4 e5 5. c3 Nf6 6. Be2 a6 7. h3 d6 8. Bg5
Be7 9. Qc2 b5 10. b4 Bb7 11. Nd2 Rc8 12. Ngf3 Nxb4 13. Qb3 Nc6 14. O-O Nh5 15.
Bxe7 Qxe7 16. Nh2 Nf4 17. Bf3 Qg5 18. Bg4 h5 19. Bxc8 Qxg2# 0-1

[Event "Challenge"]
[Site "http://www.queenalice.com/game.php?id=1818462"]
[Date "2023.8.10"]
[Round "-"]
[White "Mikalus"]
[Black "denaultj"]
[Result "1-0"]
[WhiteElo "1826"]
[BlackElo "1775"]

1. e4 e5 2. Nf3 Nf6 3. Nc3 a6 4. a4 c6 5. Bd3 Bc5 6. Nxe5 d6 7. Nf3 Ng4 8. O-O
h6 9. h3 Ne5 10. Nxe5 dxe5 11. Qf3 O-O 12. Bc4 Be6 13. Bxe6 fxe6 14. Qg4 Rf6 15.
d3 Nd7 16. Na2 Qf8 17. Qg3 Qf7 18. b4 Bd4 19. c3 Bb6 20. a5 Bd8 21. c4 Rg6 22.
Qe3 Be7 23. c5 Rf8 24. Kh1 Nf6 25. Nc3 Nh5 26. Ne2 Bg5 27. Qf3 Qxf3 28. gxf3
Rxf3 29. Kh2 Rxd3 30. Ra3 Rxa3 31. Bxa3 Nf6 32. Bb2 Nxe4 33. Bxe5 Bd8 34. f3 Ng5
35. f4 Nf7 36. Bc3 Bc7 37. Bd2 Ng5 38. h4 Ne4 39. Bc1 h5 40. Kh3 Nf6 41. Bb2 Nd5
42. Ba3 Rg4 43. f5 Nf4+ 44. Nxf4 exf5 45. Nxh5 Bd8 46. Rf4 g6 47. Rxg4 fxg4+ 48.
Kxg4 gxh5+ 49. Kxh5 Kf7 50. Bc1 Ke6 51. Bd2 Kd5 52. Be1 Bf6 53. Kg6 Be5 54. Kf5
Bb2 55. h5 Kc4 56. h6 Kd5 57. h7 1-0

[Event "Challenge"]
[Site "http://www.queenalice.com/game.php?id=1820742"]
[Date "2023.9.13"]
[Round "-"]
[White "denaultj"]
[Black "ron_h_roy2003"]
[Result "0-1"]
[WhiteElo "1710"]
[BlackElo "1565"]

1. e4 e5 2. Nf3 Nc6 3. c3 d5 4. Bb5 Bd7 5. O-O Na5 6. Be2 dxe4 7. Nxe5 Nh6 8. b4
Nc6 9. Nxd7 Qxd7 10. Qb3 Bd6 11. d3 O-O 12. dxe4 Rfe8 13. Nd2 Ne5 14. h3 b5 15.
Nf3 c6 16. Rd1 Qe7 17. Bg5 Qb7 18. Rxd6 Qc7 19. Rd2 Kh8 20. Rad1 f6 21. Bf4
Nxf3+ 22. Bxf3 Qxf4 23. e5 Rac8 24. e6 Nf5 25. Rd7 h6 26. Rxa7 Nh4 27. c4 Rxe6
28. c5 Rce8 29. Qc3 Re5 30. g3 Nxf3+ 31. Kf1 Re1+ 32. Rxe1 Rxe1+ 33. Qxe1 Nxe1
34. Kxe1 Qxb4+ 35. Kf1 Qxc5 36. Ra5 h5 37. h4 Qc1+ 38. Kg2 Qc5 39. a4 Kh7 40.
axb5 cxb5 41. Kh3 g5 42. f3 g4+ 43. fxg4 hxg4+ 44. Kxg4 Kh6 45. Ra1 Qd4+ 46. Kh3
Qxa1 0-1

[Event "Challenge"]
[Site "http://www.queenalice.com/game.php?id=1820743"]
[Date "2023.9.13"]
[Round "-"]
[White "ron_h_roy2003"]
[Black "denaultj"]
[Result "0-1"]
[WhiteElo "1583"]
[BlackElo "1701"]

1. e4 e5 2. d3 h6 3. Nf3 d6 4. h3 Nf6 5. Be3 a6 6. Be2 c5 7. c4 Nc6 8. a3 Be6 9.
O-O Be7 10. Nc3 O-O 11. Bxh6 gxh6 12. Nh2 Kg7 13. g4 Nd4 14. f4 exf4 15. Rxf4
Nxe2+ 16. Qxe2 b5 17. cxb5 axb5 18. Nxb5 Qb6 19. a4 Bd7 20. Qg2 Kh7 21. g5 Nh5
22. Rf2 Bxg5 23. Ng4 Bxb5 24. axb5 Rxa1+ 25. Rf1 c4+ 26. Kh1 Rxf1+ 27. Qxf1 Ng3+
28. Kg2 Nxf1 0-1